<?xml version="1.0" encoding="UTF-8"?>
<record
    xmlns:xsi="http://www.w3.org/2001/XMLSchema-instance"
    xsi:schemaLocation="http://www.loc.gov/MARC21/slim http://www.loc.gov/standards/marcxml/schema/MARC21slim.xsd"
    xmlns="http://www.loc.gov/MARC21/slim">

  <leader>00908nam a22002057a 4500</leader>
  <controlfield tag="005">20170123164201.0</controlfield>
  <datafield tag="010" ind1=" " ind2=" ">
    <subfield code="a">A-770931</subfield>
  </datafield>
  <datafield tag="020" ind1=" " ind2=" ">
    <subfield code="a">8172050267</subfield>
    <subfield code="c">50.00</subfield>
  </datafield>
  <datafield tag="035" ind1=" " ind2=" ">
    <subfield code="a">A-770931</subfield>
  </datafield>
  <datafield tag="040" ind1=" " ind2=" ">
    <subfield code="a">DPL</subfield>
    <subfield code="b">PN</subfield>
  </datafield>
  <datafield tag="082" ind1=" " ind2=" ">
    <subfield code="a">260.33</subfield>
    <subfield code="b">&#xA17;&#xA4B;&#xA2C;&#xA3F;&#xA70;&#xA26;</subfield>
  </datafield>
  <datafield tag="100" ind1=" " ind2=" ">
    <subfield code="a">&#xA1C;&#xA47;.&#xA2A;&#xA40;.&#xA38;&#xA70;&#xA17;&#xA24; &#xA38;&#xA3F;&#xA70;&#xA18;</subfield>
    <subfield code="9">132985</subfield>
  </datafield>
  <datafield tag="245" ind1=" " ind2=" ">
    <subfield code="a">&#xA2C;&#xA1A;&#xA3F;&#xA24;&#xA4D;&#xA30; &#xA28;&#xA3E;&#xA1F;&#xA15; &#xA38;&#xA1F;&#xA40;&#xA15; /</subfield>
    <subfield code="c">&#xA1C;&#xA47;.&#xA2A;&#xA40;.&#xA38;&#xA70;&#xA17;&#xA24; &#xA38;&#xA3F;&#xA70;&#xA18;</subfield>
  </datafield>
  <datafield tag="246" ind1=" " ind2=" ">
    <subfield code="a">Bachitar natak steek : an annotated version of Guru Govind Singh autobiography  /</subfield>
    <subfield code="b">by J..P. Singh</subfield>
  </datafield>
  <datafield tag="260" ind1=" " ind2=" ">
    <subfield code="a">&#xA05;&#xA70;&#xA2E;&#xA4D;&#xA30;&#xA3F;&#xA24;&#xA38;&#xA30; </subfield>
    <subfield code="b">&#xA38;&#xA3F;&#xA70;&#xA18; &#xA2C;&#xA4D;&#xA30;&#xA26;&#xA30;&#xA1C;&#xA3C;</subfield>
    <subfield code="c">1991</subfield>
  </datafield>
  <datafield tag="270" ind1=" " ind2=" ">
    <subfield code="a">&#xA2C;&#xA1C;&#xA3C;&#xA3E;&#xA30; &#xA2E;&#xA3E;&#xA08; &#xA38;&#xA47;&#xA35;&#xA3E;&#xA02;</subfield>
    <subfield code="b">&#xA05;&#xA70;&#xA2E;&#xA4D;&#xA30;&#xA3F;&#xA24;&#xA38;&#xA30; </subfield>
  </datafield>
  <datafield tag="300" ind1=" " ind2=" ">
    <subfield code="a">210p.</subfield>
    <subfield code="b">23cm(Hb)</subfield>
  </datafield>
  <datafield tag="650" ind1=" " ind2=" ">
    <subfield code="a">&#xA2A;&#xA70;&#xA1C;&#xA3E;&#xA2C;&#xA40; &#xA38;&#xA3E;&#xA39;&#xA3F;&#xA24;</subfield>
    <subfield code="v">&#xA2A;&#xA70;&#xA1C;&#xA3E;&#xA2C;&#xA40; &#xA38;&#xA3E;&#xA39;&#xA3F;&#xA24;-&#xA1C;&#xA40;&#xA35;&#xA28;&#xA40;</subfield>
    <subfield code="9">3695</subfield>
  </datafield>
  <datafield tag="942" ind1=" " ind2=" ">
    <subfield code="2">ddc</subfield>
    <subfield code="c">PN</subfield>
    <subfield code="h">260.33</subfield>
    <subfield code="m">&#xA17;&#xA4B;&#xA2C;&#xA3F;&#xA70;&#xA26;</subfield>
  </datafield>
  <datafield tag="999" ind1=" " ind2=" ">
    <subfield code="c">111049</subfield>
    <subfield code="d">111049</subfield>
  </datafield>
  <datafield tag="952" ind1=" " ind2=" ">
    <subfield code="0">0</subfield>
    <subfield code="1">0</subfield>
    <subfield code="4">0</subfield>
    <subfield code="7">0</subfield>
    <subfield code="a">L</subfield>
    <subfield code="b">L</subfield>
    <subfield code="d">2016-02-11</subfield>
    <subfield code="e">Cen Lib/Ret</subfield>
    <subfield code="g">50.00</subfield>
    <subfield code="l">0</subfield>
    <subfield code="o">260.33 &#xA17;&#xA4B;&#xA2C;&#xA3F;&#xA70;&#xA26;</subfield>
    <subfield code="p">A-770931</subfield>
    <subfield code="r">2016-02-11 00:00:00</subfield>
    <subfield code="t">1</subfield>
    <subfield code="v">50.00</subfield>
    <subfield code="w">2016-02-11</subfield>
    <subfield code="y">PN</subfield>
  </datafield>
</record>
